000 00306nam a2200133Ia 4500
005 20251222175939.0
008 251222s9999||||xx |||||||||||||| ||spa||
020 _a8497646320
082 _a843.01/E24
245 0 _aRelatos Románticos
250 _a1ra.ed.
264 _bEdimat Libros,S.A.
942 _cLIB
999 _c41318
_d41318